| 000 | 00932nam a22003017a 4500 | ||
|---|---|---|---|
| 001 | 0043016 | ||
| 003 | KOHA_MİRAKIL | ||
| 005 | 20260207003333.0 | ||
| 007 | ta | ||
| 008 | 131003b2011 tu a|||gr||||#||||0|tur | | ||
| 020 | _a9786054118953 | ||
| 040 |
_aTR-BiSEU _btur _cTR-BiSEU _erda |
||
| 041 | 0 | _atur | |
| 044 | _ctu | ||
| 050 |
_aTJ213 _b.Y83 2011 |
||
| 100 | 1 | _aYüksel, İbrahim. | |
| 245 | 1 |
_aOtomatik kontrol : _bsistem dinamiği ve denetim sistemleri çözümlü problemler/ _cİbrahim Yüksel ; İbrahim Yüksel, Mesut Şengirgir, Gürsel Şefkat. |
|
| 250 | _aYenilenmiş 2. Baskı | ||
| 264 | 1 |
_aBursa : _bDora _c2011 |
|
| 300 |
_a243 sayfa : _bresimli ; _c24 cm. |
||
| 336 |
_ametin _btxt _2rdacontent |
||
| 337 |
_aaracısız _bn _2rdamedia |
||
| 338 |
_acilt _bnc _2rdacarrier |
||
| 500 | _aKaynakça var. | ||
| 650 | 0 |
_aOtomatik kontrol. _91802 |
|
| 650 | 0 |
_aAutomatic control. _92042 |
|
| 942 |
_2lcc _cBK |
||
| 999 |
_c42838 _d42838 |
||